Catálogo público

Genetic relations of red plant color, leaf sahpe and fiber colors in upland cotton / (Record no. 206798)

MARC details
000 -CABECERA
campo de control de longitud fija 00799nam a2200277Ia 4500
001 - NÚMERO DE CONTROL
campo de control Para_7849
003 - IDENTIFICADOR DEL NÚMERO DE CONTROL
campo de control CHAP
008 - DATOS DE LONGITUD FIJA--INFORMACIÓN GENERAL
campo de control de longitud fija 220125s1933 xx 000 0 und d
010 ## - NÚMERO DE CONTROL DE LA BIBLIOTECA DEL CONGRESO
Número de control de LC 206798
040 ## - FUENTE DE LA CATALOGACIÓN
Centro/agencia transcriptor CHAP
082 ## - NÚMERO DE LA CLASIFICACIÓN DECIMAL DEWEY
Número de clasificación PA-C 633.51 B84
100 ## - ENTRADA PRINCIPAL--NOMBRE DE PERSONA
Nombre de persona Ware, J.O.
9 (RLIN) 171984
245 ## - MENCIÓN DE TÍTULO
Título Genetic relations of red plant color, leaf sahpe and fiber colors in upland cotton /
Mención de responsabilidad, etc. by J.O. Ware
260 ## - PUBLICACIÓN, DISTRIBUCIÓN, ETC.
Lugar de publicación, distribución, etc. Fayetteville, Arkansas :
Nombre del editor, distribuidor, etc. University of Arkansas
300 ## - DESCRIPCIÓN FÍSICA
Extensión 60 p.
440 ## - MENCIÓN DE SERIE/PUNTO DE ACCESO ADICIONAL--TÍTULO
Título Bulletin; 294
9 (RLIN) 172615
500 ## - NOTA GENERAL
Nota general Encuadernado con otros impresos similares
650 ## - PUNTO DE ACCESO ADICIONAL DE MATERIA--TÉRMINO DE MATERIA
Término de materia o nombre geográfico como elemento de entrada Algodón
9 (RLIN) 3959
901 ## - ELEMENTOS DE DATOS A LOCAL LDA (RLIN)
a PA-C 633.51 B84
902 ## - ELEMENTOS DE DATOS B LOCAL, LDB (RLIN)
a A
905 ## - ELEMENTOS DE DATOS E LOCAL, LDE (RLIN)
a 0000001933 n 0000000000 00
910 ## - DATOS DE OPCIÓN DEL USUARIO (OCLC)
Datos de opción del usuario 1933
942 ## - ELEMENTOS DE PUNTO DE ACCESO ADICIONAL (KOHA)
Tipo de ítem Koha Parasitologia_
942 ## - ELEMENTOS DE PUNTO DE ACCESO ADICIONAL (KOHA)
Tipo de ítem Koha Parasitologia_
-- 1
Holdings
Estado de retiro Estado de pérdida Fuente del sistema de clasificación o colocación Estado dañado Restricciones de uso No para préstamo Código de colección Localización permanente Ubicación/localización actual Ubicación en estantería Fecha de adquisición Información codificada de la localización en otra ubicación Total de préstamos Código de barras Fecha visto por última vez Precio válido a partir de Tipo de ítem Koha Nota pública
    Dewey Decimal Classification   Préstamo interno   Consulta Parasitologia Agricola Parasitologia Agricola   27/10/2005 PARA   PA_8285-3 25/01/2022 25/01/2022 Libro 3